00683 2200217 4500001002100000008004100021035002000062245016100082100001800243700001700261250001000278260003400288300002000322020002200342084001600364520003000380082001000410650002100420990001200441990001200453INLIS000000000015336 ind  a0010-1222000415 aGuru, Bawa Aku Ke Pintu Terdepanb100 Kiat Membawa Siswa Berprestasi dan Unggul Di Masa DepancZakiah Latif; editor, Lutfiyansyah; editor akhir, Adim Goekid aZAKIAH, Latif aADIM, Goekid acet.2 aJakarta :bEdu Pustaka,c2016 a282 hal.c21 cm a978-602-14915-3-9 a371.1 ZAK g aBibliografi : hal.281-282 a371.1 aPENDIDIKAN. GURU a10047 a a10047 b